Plantas curativas y medicinales de uso frecuente : (Registro nro. 5650)
[ vista simple ]
| 000 -CABECERA | |
|---|---|
| Campo de control | 00950nam a2200265 i 4500 |
| 005 - FECHA Y HORA DE LA ULTIMA TRANSACCION | |
| Campo de control | 20160217104017.0 |
| 008 - ELEMENTOS DE LONGITUD FIJA—INFORMACION GENERAL | |
| Campo de control | 160217s2005 ck ||||| |||| 00| 0 spa d |
| 020 ## - ISBN | |
| ISBN | 9589777058 |
| 040 ## - FUENTE DE CATALOGACIÓN | |
| Agencia catalogadora original | CO-BoIAVH |
| Agencia transcriptora | CO-BoIAVH |
| 041 ## - IDIOMA | |
| Código de idioma para texto/pista de sonido o título separado | Español |
| 082 04 - NUMERO DE CLASIFICACION DECIMAL DEWEY | |
| Número de clasificación | 581.634 |
| Número del ítem | C52p |
| 100 1# - ASIENTO PRINCIPAL--NOMBRE PERSONAL | |
| Nombre personal | Cheucarama Peña, Fidel |
| 9 (RLIN) | 60329 |
| 245 10 - MENCION DE TITULO | |
| Título | Plantas curativas y medicinales de uso frecuente : |
| Parte restante del título | pueblos, Embera, Wounaan, Katío y Chamí del Bajo Atrato, Chocó |
| 260 ## - PUBLICACION, DISTRIBUCION, ETC. (PIE DE IMPRENTA) | |
| Lugar de publicación, distribución, etc. | Chocó : |
| Nombre del editor, distribuidor, etc. | IIAP, |
| Fecha de publicación, distribución, etc. | 2005. |
| 300 ## - DESCRIPCION FISICA | |
| Extensión | 40 páginas ; |
| Dimensiones | 27 cm. |
| 490 00 - MENCION DE SERIE | |
| Mención de serie | Serie recuperando tradiciones ; |
| Designación numérica/secuencial del volumen | 2 |
| 650 14 - ASIENTO SECUNDARIO DE MATERIA - TERMINO TEMATICO | |
| Término temático o nombre geográfico como elemento de entrada | Plantas medicinales |
| Subdivisión geográfica | Chocó (Colombia) |
| 9 (RLIN) | 60330 |
| 650 24 - ASIENTO SECUNDARIO DE MATERIA - TERMINO TEMATICO | |
| Término temático o nombre geográfico como elemento de entrada | Medicina tradicional |
| Subdivisión general | Chocó (Colombia) |
| 9 (RLIN) | 60331 |
| 650 24 - ASIENTO SECUNDARIO DE MATERIA - TERMINO TEMATICO | |
| Término temático o nombre geográfico como elemento de entrada | Plamtas útiles |
| Subdivisión geográfica | Chocó (Colombia) |
| 9 (RLIN) | 60332 |
| 650 24 - ASIENTO SECUNDARIO DE MATERIA - TERMINO TEMATICO | |
| Término temático o nombre geográfico como elemento de entrada | Comunidades indígenas |
| 9 (RLIN) | 60333 |
| 700 1# - ASIENTO SECUNDARIO - NOMBRE PERSONAL | |
| Nombre personal | Yabur Andrade, Nelson, |
| Término de relación | autor. |
| 9 (RLIN) | 60334 |
| 700 1# - ASIENTO SECUNDARIO - NOMBRE PERSONAL | |
| Nombre personal | Pineda Ariza, Ciro, |
| Término de relación | autor. |
| 9 (RLIN) | 60335 |
| 942 ## - ELEMENTOS ADICIONALES (KOHA) | |
| Tipo de ítem | Libro |
| Sistema de clasificación | Dewey Decimal Classification |
| 945 ## - PROCESAMIENTO LOCAL | |
| AAAA-MM-DD - Fecha de ingreso o modificacion | 2007-06-21 |
| Withdrawn status | Lost status | Sistema de Clasificación | Damaged status | No para préstamo | Colección | Inventariado | Ubicación Permanente | Ubicación actual | Fecha de adquisición | Fuente de Valor | Valor | Total Checkouts | Número topográfico | Inventario / Código de Barras | Date last seen | Ejemplar | Price effective from | Forma de adquisición | Tipo de material |
|---|---|---|---|---|---|---|---|---|---|---|---|---|---|---|---|---|---|---|---|
| Dewey Decimal Classification | General | Inventariado 2017 | Bogotá | Bogotá | 21/06/2007 | Instituto | 50000.00 | LB-581.634 C52p | 024559 | 04/12/2012 | Ej. 1 | 04/12/2012 | Libro |